| 000 | 01816cam a2200349 a 4500 | ||
|---|---|---|---|
| 001 | 14711048 | ||
| 005 | 20070907144700.0 | ||
| 008 | 070125s2007 caua b 001 0 eng | ||
| 010 | _a 2007003344 | ||
| 020 | _a9781905209668 | ||
| 035 | _a(OCoLC)ocm81150284 | ||
| 035 | _a(OCoLC)81150284 | ||
| 040 |
_aDLC _cDLC _dYDX _dBAKER _dBTCTA _dYDXCP _dDLC |
||
| 050 | 0 | 0 |
_aTA165 _b.M585 2007 |
| 082 | 0 | 0 |
_a681.2 _222 _bMOD |
| 245 | 0 | 0 |
_aModern Sensors Handbook / _cEdited by Pavel Ripka, Alois Tipek. |
| 260 |
_aNewport Beach, CA : _bISTE USA, _cc2007. |
||
| 300 |
_axviii, 518 p. : _bill. ; _c24 cm. |
||
| 490 | 0 | _aInstrumentation and measurement series | |
| 504 | _aIncludes bibliographical references and index. | ||
| 650 | 0 |
_aDetectors _vHandbooks, manuals, etc. _98948 |
|
| 700 | 1 |
_aRipka, Pavel. _98949 |
|
| 700 | 1 |
_aTipek, Alois. _98950 |
|
| 856 | 4 | 1 |
_3Table of contents only _uhttp://www.loc.gov/catdir/toc/ecip079/2007003344.html |
| 856 | 4 | 2 |
_3Contributor biographical information _uhttp://www.loc.gov/catdir/enhancements/fy0743/2007003344-b.html |
| 856 | 4 | 2 |
_3Publisher description _uhttp://www.loc.gov/catdir/enhancements/fy0743/2007003344-d.html |
| 942 |
_2ddc _cBB |
||
| 999 |
_c12811 _d12811 |
||